000 00300nam a2200121Ia 4500
008 240731s9999 xx 000 0 und d
022 _a1460-2202
245 0 _aCurrent Eye Research
260 _bTaylor & Francis
856 _uhttps://www.tandfonline.com/loi/icey20
942 _2ddc
942 _cTFEJ
999 _c76182
_d76182
945 _a1
_bMadushi Gamage
_c1
_dMadushi Gamage